Statistics for Which Came First?

Click here to take the quiz!

General Stats

  • This quiz has been taken 16,975 times
    (16,950 since last reset)
  • The average score is 11 of 18

Answer Stats

Question Answer % Correct
Harry Potter booksHarry Potter and the Chamber of Secrets
84%
Early inventionsControl of fire
79%
AnimalsInsects
79%
Surrender in WWIIGermany
75%
Independent countriesMexico
74%
WarsHundred Years' War
73%
Disney parksDisneyland
70%
ReligionsBuddhism
69%
U.S. PresidentsJames Madison
65%
Tech productsFacebook
64%
Keanu Reeves moviesSpeed
62%
Kings of EnglandKing Edward I
56%
Chinese dynastiesHan Dynasty
54%
States of the U.S.California
53%
Classical composersJ.S. Bach
53%
Island chains by earliest human settlementHawaii
49%
Mountain rangesAppalachians
49%
Geologic periodsJurassic
39%

Score Distribution

Percentile by Number Answered

Percent of People with Each Score

Your Score History

You have not taken this quiz since the last reset